Fantasy Football Leaders Top 50 (Weeks 1-4) - Statistics

General Stats
  • This quiz has been taken 134 times
  • The average score is 45 of 50
Answer Stats
Hint Answer % Correct
1. WAS (QB) Jayden Daniels
98%
2. BAL (QB) Lamar Jackson
98%
6. PHI (RB) Saquon Barkley
98%
5. TB (QB) Baker Mayfield
97%
4. BAL (RB) Derrick Henry
97%
8. BUF (QB) Josh Allen
97%
3. NO ( RB) Alvin Kamara
96%
18. SF (QB) Brock Purdy
96%
16. HOU (QB) C.J. Stroud
96%
10. DAL (QB) Dak Prescott
96%
11. SEA (QB) Geno Smith
96%
26. DET (RB) Jahmyr GIbbs
96%
12. PHI (QB) Jalen Hurts
96%
20. DET (QB) Jared Goff
96%
17. CIN (QB) Joe Burrow
96%
28. MIN (WR) Justin Jefferson
96%
14. ARI (QB) Kyler Murray
95%
22. KC (QB) Patrick Mahomes
95%
7. MIN (QB) Sam Darnold
95%
9. PIT (QB) Justin Fields
94%
13. LAR (RB) Kyren Williams
94%
33. MIN (RB) Aaron Jones
93%
30. NYJ (QB) Aaron Rodgers
93%
36. NYG (QB) Daniel Jones
93%
19. IND (RB) Jonathan Taylor
93%
23. HOU (WR) Nico Collins
92%
25. DET (RB) David Montgomery
91%
21. NO (QB) Derek Carr
91%
31. BUF (RB) James Cook
91%
32. NYG (WR) Malik Nabers
91%
29. CLE (QB) Dashaun Watson
90%
48. GB (QB) Jordan Love
90%
47. DEN (QB) Bo Nix
89%
46. JAX (QB) Trevor Lawrence
89%
50. CIN (WR) Ja´mar Chase
88%
49. ARI (WR) Marvin Harrison Jr.
88%
35. WAS (RB) Brian Robinson Jr.
87%
37. ARI (RB) James Conner
87%
39. IND (QB) Anthony Richardson
86%
27. DAL (K) Brandon Aubrey
85%
43. TB (WR) Chris Godwin
85%
15. SF (RB) Jordan Mason
83%
45. CAR (RB) Chuba Hubbard
82%
38. SF (WR) Jauan Jennings
79%
24. GB (WR) Jayden Reed
79%
42. LAC (RB) J.K. Dobbins
79%
41. PIT (K) Chris Boswell
78%
44. SF (K) Jake Moody
72%
40. SEA (RB) Zach Charbonnet
65%
34. MIN (D/ST) Minnesota Vikings Defense
36%
No matching quizzes found
Score Distribution
Percent of People with Each Score
Percentile by Number Answered
Your Score History
You have not taken this quiz